| 000 | 00854nam a2200193 i 4500 | ||
|---|---|---|---|
| 001 | 162759 | ||
| 003 | ES-MaACL | ||
| 005 | 20230906212610.0 | ||
| 008 | 030128s1893 sp |||| |dspa d | ||
| 100 | 1 |
_aPulido, Ángel, _d1852-1932 _9149324 |
|
| 245 | 1 | 0 |
_aPlumazos de un viajero _b: París, Bruselas, Holanda, Alemania, Austria y Hungría, la universidad alemana, el estudiante alemán / _cÁ. Pulido. |
| 260 |
_aMadrid : _b[s.n.], _c1893 ( _fEstab. Tip. de E. Teodoro) |
||
| 300 |
_aVIII, 360 p. ; _c18 cm. |
||
| 530 | _aDisponible en formato digital. | ||
| 651 | 4 |
_aEuropa- _xDescripción- _yS.XIX. _98595 |
|
| 852 |
_aES-MaACL _jF-10354 _z- Enc. hol. |
||
| 856 |
_uhttps://bibliotecavirtualmadrid.comunidad.madrid/bvmadrid_publicacion/es/consulta/registro.do?id=1314 _zBiblioteca Digital de la Comunidad de Madrid |
||
| 999 |
_c162759 _d162759 |
||